Impacto en innovación agraria: diez rubros exitosos

Zapisane w:
Opis bibliograficzny
Korporacja: Fundación para la Innovación Agraria (Autor)
Format: Książka
Język:hiszpański
Wydane: Santiago Ministerio de Agricultura 2009
Hasła przedmiotowe:
Etykiety: Dodaj etykietę
Nie ma etykietki, Dołącz pierwszą etykiete!

MARC

LEADER 00000cam a2200000 a 4500
001 UCF1615
003 CL-VaPUC
008 120711e20090000CL |||||||||||||||||spa|d
020 |a 9789563280395 
082 0 4 |a 631.30983  |b FUN  |2 21 
110 2 |a Fundación para la Innovación Agraria  |e author  |9 563087 
245 1 0 |a Impacto en innovación agraria: diez rubros exitosos 
300 |a 143 p 
942 |c BK 
945 |d 20120711 00:00:00  |a dcastane 
260 |a Santiago  |b Ministerio de Agricultura  |c 2009 
650 0 |a Agricultura  |9 255598 
650 7 |a INNOVACIONES TECNOLOGICAS  |2 CL-VaPUC  |9 563088 
650 0 |a Tecnología agrícola  |9 325634 
583 |a last modification  |c 20160920 01:20:53  |k Rodrigo Vera 
999 |c 348311  |d 348309 
952 |0 0  |1 0  |4 0  |6 631_309830000000000_FUN_2009  |7 0  |8 A  |9 450281  |a BIBAGR  |b BIBAGR  |d 2019-11-22  |i 4881729  |o 631.30983 FUN 2009  |p 4881729  |r 2025-01-20  |w 2019-11-22  |y BK  |k AGR